书目信息 |
| 题名: |
草花戒
|
|
| 作者: | 马亮 著 | |
| 分册: | ||
| 出版信息: | 呼和浩特 内蒙古人民出版社 2007.06 |
|
| 页数: | 218页 | |
| 开本: | 21cm | |
| 丛书名: | ||
| 单 册: | ||
| 中图分类: | I247.5 | |
| 科图分类: | ||
| 主题词: | 长篇小说--中国--当代 | |
| 电子资源: | ||
| ISBN: | 978-7-204-09115-7 | |
| 000 | 00679nam0 2200217 450 | |
| 001 | 1060098468 | |
| 005 | 20100714170733.15 | |
| 010 | @a978-7-204-09115-7@dCNY16.00 | |
| 100 | @a20100515d2007 km y0chiy0120 ea | |
| 101 | 0 | @achi |
| 102 | @aCN@b150000 | |
| 105 | @ac z 000ay | |
| 200 | 1 | @a草花戒@Acao hua jie@f马亮著@Fma liang zhu |
| 210 | @a呼和浩特@c内蒙古人民出版社@d2007.06 | |
| 215 | @a218页@d21cm | |
| 330 | @a所有人都为同一个目标不懈地努力着,可当你真的实现了自己的目标,你就会开始疑惑,甚至会想自己到底是为了生命而活着。 | |
| 606 | 0 | @a长篇小说@y中国@z当代 |
| 690 | @aI247.5@v4 | |
| 701 | 0 | @a马亮@Ama liang@4著 |
| 801 | 0 | @aCN@c20100515 |
| 905 | @dI247.5@eM093@f3 | |
| 草花戒/马亮著.-呼和浩特:内蒙古人民出版社,2007.06 |
| 218页;21cm |
| ISBN 978-7-204-09115-7:CNY16.00 |
| 所有人都为同一个目标不懈地努力着,可当你真的实现了自己的目标,你就会开始疑惑,甚至会想自己到底是为了生命而活着。 |
| ● |
| 相关链接 |
|
|
|
正题名:草花戒
索取号:I247.5/M093
 
预约/预借
| 序号 | 登录号 | 条形码 | 馆藏地/架位号 | 状态 | 备注 |
| 1 | 992214 | 209922146 | 文学库108/108文学库 33排8列3层/ [索取号:I247.5/M093] | 在馆 | |
| 2 | 992215 | 209922155 | 文学库108/108文学库 33排8列3层/ [索取号:I247.5/M093] | 在馆 | |
| 3 | 992216 | 209922164 | 文学库108/108文学库 33排8列3层/ [索取号:I247.5/M093] | 在馆 |